000 00630nam a2200241Ia 4500
003 OSt
005 20221007073330.0
006 a|||||r|||| 00| 0
007 ta
008 221006b |||||||| |||| 00| 0 eng d
024 _a9,364
037 _cTextual
040 _aFLL
_cFLL
_beng
041 _2eng
_aeng
082 _aZ2,805, N8
100 _aPillai K.N.C. Au.
_9692149
245 0 _aLectures on criminal procedure
250 _a3rd
260 _aLucknow
_bEastern book comp. India
_c1998
300 _al,356p
_ccm.
942 _hZ2,805, N8
_cTEXL
_2CC
999 _c1148379
_d1148379